00574cam a2200193 i 4500020003800000041000800038082001300046245005900059260003100118300002200149500002000171650002000191650001200211650001900223700002200242942000700264952009200271999001700363 a9780802868732 (pbk. : alk. paper) aENG00a248bBAS00aChristian practical wisdom :What it is, why it matters aU.S.AbWm.B.Eerdmansc2016 aviii, 352 pages ; aIncludes index. 0aChristian life. 0aWisdom. 0aSpiritual life1 aBass, Dorothy C., cBK 00104070aHMIbHMIcGENd2018-11-15l0o248 BASp11003864r2026-01-16w2026-01-16yBK c22503d22503